• 首页
  • 本馆介绍
  • 公告通知
  • 最新文献
  • 馆藏检索
  • 电子资源
  • 读者导购
  • 参考咨询
  • 我的图书馆
  • 登录
  • 详细信息显示
  • 放入我的书架
  • 预约/预借图书
  • 作者相关作品
  • 分类相关作品
  • 丛书相关作品
  • 出版社相关作品

书目信息

  • 表格格式
  • 工作单格式
  • 卡片格式
题名:
精神文明辞书
    
 
作者: 冯连惠 主编
分册:  
出版信息: 北京   中国展望出版社  1987.09
页数: 823页
开本: 26cm
丛书名:
单 册:
中图分类: C61
科图分类:
主题词: 社会科学--名词术语 , 社会科学--词典 , 社会科学--百科全书
电子资源:
ISBN: 7-5050-0086-1
000 00722nam0 2200253 45
001 0186002237
005 20050613160645.7
010    @a7-5050-0086-1@b精装@dCNY15.00
100    @a19900802d1987 emky0chiy0121 ea
101 0  @achi
102    @aCN@b110000
105    @ay e 000yy
200 10 @a精神文明辞书@Ajing shen wen ming ci shu@f冯连惠等主编@FFeng Lian Hui Deng Zhu Bian
205    @a新1版@b修订版
210    @a北京@c中国展望出版社@d1987.09
215    @a823页@d26cm
606 0  @a社会科学@x名词术语
606 0  @a社会科学@x词典
606 0  @a社会科学@x百科全书
690    @aC61@v3
701  0 @a冯连惠@4主编
801  0 @aCN@b深圳图书馆@c20050331
801  2 @aCN@bNLC@c20050331
905    @dC61@f1@b215028@e20=2
    
    精神文明辞书/冯连惠等主编.-新1版,修订版.-北京:中国展望出版社,1987.09
    823页;26cm
    
    
    ISBN 7-5050-0086-1(精装):CNY15.00
    
●
相关链接 在E读中查询图书 在五车中查询图书 在当当中查询图书 在豆瓣中查询图书


正题名:精神文明辞书     索取号:C61/20=2         预约/预借

序号 登录号 条形码 馆藏地/架位号 状态 备注
1 0215028   001573167   第一样本阅览室/ [索取号:C61/20=2] 在馆    
唐山师范学院图书馆 欢迎您!
大连网信软件有限公司© 版权所有